Vplyv globalizácie a internacionalizácie ekonomiky na formy súčasného podnikania
Gespeichert in:
| 1. Verfasser: | |
|---|---|
| Weitere Verfasser: | |
| Format: | Buchkapitel |
| Sprache: | Slowakisch |
| Tags: |
Keine Tags, Fügen Sie das erste Tag hinzu!
|
MARC
| LEADER | 00000naa$a2200000$$$4500 | ||
|---|---|---|---|
| 001 | 0096565 | ||
| 005 | 20240502072055.3 | ||
| 041 | 0 | |a slo | |
| 044 | |a SK | ||
| 245 | 1 | 0 | |a Vplyv globalizácie a internacionalizácie ekonomiky na formy súčasného podnikania |c Rozália Pétrová, Monika Bačová |
| 100 | 1 | |a Pétrová, Rozália | |
| 700 | 1 | |a Bačová, Monika | |